00523nam a2200157Ia 4500008004100000041001200041082001100053100001800064245004600082260003500128300000700163650001200170942000700182999001500189952016100204221030s9999 xx 000 0 und d aEnglish a105.23 aL. R. Hubbard 0aScientology - The Fundamentals of Thought bNew Era Pub.aCaliforniac2007 a87 aGeneral cBK c6272d6272 pBE 10014l0o105.23 r2022-10-30 00:00:00w2022-10-30yBK003Print4071aMIETLIBbMIETLIBcBL-Academic Block B, FL-1, CUP-70, SH-3, R-3d2009-12-1010HBE